[Event "KAZ-ch Men 2017"]
[Site "Almaty"]
[Date "2017.04.11"]
[Round "1"]
[White "Denis, Makhnyov"]
[Black "Rinat, Jumabayev"]
[Result "0-1"]
[WhiteElo "2379"]
[BlackElo "2614"]
[Annotator "TA"]
[PlyCount "124"]
[EventDate "2017.??.??"]
[EventType "tourn"]
[EventCountry "KAZ"]
[SourceTitle "playchess.com"]
[Source "ChessBase"]
[SourceQuality "1"]

{[%evp 20,124,-33,-59,-22,-71,-38,-64,-51,-47,-56,-60,-66,-70,-53,-56,-52,-64,-52,-91,-79,-120,-100,-102,-95,-101,-94,-130,-85,-100,-96,-115,-52,-136,-119,-127,-147,-139,-89,-69,-16,-16,-16,-22,-31,-24,-16,-22,-22,-37,-28,-27,-27,-75,-73,-86,-86,-81,-83,-82,-79,-87,-81,-88,-83,-110,-110,-111,-93,-118,-117,-118,-83,-83,-86,-80,-57,-101,-91,-84,-84,-144,-92,-158,-151,-152,-145,-200,-207,-358,-342,-357,-350,-375,-368,-356,-331,-395,-400,-1016,-1013,-992,-959,-850,-651,-29978,-29980]} 1. Nf3 c5 2. g3 g6 3. Bg2 Bg7 4. O-O Nc6 5. e4 e5 6. Na3 Nge7 7. Nc4 d6 8. d3 O-O 9. c3 h6 10. a4 Be6 11. Qe2 {LiveBook: 8 Games} Qc7 {A04: Unusual lines after 1 Nf3 and King's Indian Attack} (11... f5 12. Nfd2 f4 13. f3 h5 14. Nb3 g5 15. Bd2 Ng6 16. Be1 g4 17. Bf2 Rc8 18. Rad1 Qe7 19. Rd2 {0-1 (32) Antoms,G (2349)-Alekseev,E (2632) Tallinn 2016}) 12. Re1 Rfe8 $146 (12... f5 13. exf5 Nxf5 14. b3 Rae8 15. Bb2 Bf7 16. Qc2 d5 17. Ncd2 g5 18. h3 Bg6 19. Rad1 {0-1 (43) Harari,Z (2250)-Webb,R (2290) Highgate 1997}) 13. Nfd2 Rad8 {Black is slightly better.} 14. Ne3 $1 d5 15. exd5 Nxd5 (15... Bxd5 $6 16. Nxd5 Nxd5 17. Nb3 $11) 16. Ne4 Nce7 17. Nc4 f5 18. Ned2 {[%cal Rc4e5]} Nc6 {[%cal Be7c6,Bc6b4,Bb4d3][%mdl 32]} 19. Nf3 Bf7 20. Qc2 {[#]} Ndb4 $1 {[%mdl 512]} 21. cxb4 Nxb4 22. Qe2 Nxd3 23. Nfd2 (23. b3 $2 e4 24. Be3 Nxe1 25. Rxe1 exf3 $19) 23... Nxe1 24. Qxe1 e4 {[%cal Be5e4,Be4e3][%mdl 32]} 25. Bf1 Rd4 (25... g5 $17 26. Ra3 Qd7) 26. b3 {[#]} (26. Rb1 $15) 26... e3 $1 $17 {[%cal Re3d2][%mdl 512]} (26... Rxc4 27. Nxc4 Bxa1 28. Bf4 $14) 27. Nxe3 f4 28. gxf4 Rxf4 29. Ra2 Rg4+ (29... Bd4 $15 30. Ndc4 {[#]} Bd5 $1 {[%mdl 512]}) 30. Bg2 $11 {[#]} Bd5 $1 {[%mdl 512] Threatens to win with ...Bxg2.} 31. Qd1 {[#]} (31. Nxd5 Rxe1+) 31... Rxe3 $1 {[%mdl 512]} 32. Qxg4 (32. fxe3 Rxg2+) 32... Re1+ {[%cal Be3e1,Be1c1,Bc1c4][%mdl 32]} 33. Nf1 Bxg2 ({Inferior is} 33... Bxb3 34. Ra3 Bf7 35. Bd2 $16) 34. Qxg2 Rxc1 $40 {[%mdl 128] Black attacks.} 35. Qxg6 Qf7 36. Qxf7+ Kxf7 {[%mdl 4096] Endgame KRB-KRN} 37. Rd2 {Black should prevent Rd7+.} Ke6 38. Kg2 c4 39. bxc4 Rxc4 40. Ra2 a5 41. Kf3 Be5 42. Ra3 Rf4+ 43. Ke2 Rb4 44. h3 Bd6 45. Nd2 Rh4 46. Rb3 Bb4 47. Nf3 Rf4 48. Ke3 Rc4 49. Nd4+ Kd5 50. Nf5 ({Better is} 50. Ne2) 50... b6 (50... Bc5+ $142 51. Kf3 Kc6 52. Nxh6 Rxa4) 51. Rd3+ (51. Kf3 $142 Kc6 52. Rb2) 51... Ke5 $17 52. Nxh6 Bc5+ 53. Kf3 (53. Ke2 $17 {might work better.}) 53... Rf4+ $19 ({Don't take} 53... Rxa4 54. Ng4+ Ke6 55. h4) 54. Kg3 $2 (54. Ke2) 54... Bxf2+ ({Not} 54... Rxa4 55. Nf7+ Ke4 56. Rd8 $19) 55. Kg2 {Black must now prevent Ng4+.} Bc5 56. Ng4+ Ke6 57. Rd8 Rxa4 58. Re8+ Kf5 59. Ne3+ (59. Re1 $142) 59... Bxe3 60. Rxe3 Rb4 61. Kf2 a4 62. Ke2 Re4 0-1

[Event "KAZ-ch Men 2017"]
[Site "Almaty"]
[Date "2017.04.11"]
[Round "1"]
[White "Makhnyov, Denis"]
[Black "Jumabayev, Rinat"]
[Result "0-1"]
[WhiteElo "2379"]
[BlackElo "2614"]
[Annotator "TA"]
[PlyCount "124"]
[EventDate "2017.??.??"]
[EventType "tourn"]
[EventCountry "KAZ"]
[SourceTitle "playchess.com"]
[Source "ChessBase"]
[SourceQuality "1"]

{[%evp 20,124,-34,-52,-28,-70,-44,-63,-60,-57,-55,-51,-59,-57,-64,-48,-49,-72,-55,-95,-81,-131,-120,-121,-121,-122,-107,-123,-143,-141,-128,-132,-51,-123,-108,-135,-127,-160,-89,-53,-17,-17,-14,-27,-22,-16,-11,-18,-21,-35,-35,-40,-35,-72,-72,-72,-72,-72,-72,-80,-71,-75,-87,-93,-87,-111,-96,-105,-92,-116,-122,-91,-77,-90,-90,-87,-18,-103,-89,-84,-55,-127,-108,-159,-163,-164,-141,-197,-181,-338,-338,-333,-333,-335,-333,-400,-392,-399,-352,-909,-825,-921,-921,-820,-683,-29977,-29980]} 1. Nf3 c5 2. g3 g6 3. Bg2 Bg7 4. O-O Nc6 5. e4 e5 6. Na3 Nge7 7. Nc4 d6 8. d3 O-O 9. c3 h6 10. a4 Be6 11. Qe2 {LiveBook: 8 Games} Qc7 {A04: Unusual lines after 1 Nf3 and King's Indian Attack} (11... f5 12. Nfd2 f4 13. f3 h5 14. Nb3 g5 15. Bd2 Ng6 16. Be1 g4 17. Bf2 Rc8 18. Rad1 Qe7 19. Rd2 {0-1 (32) Antoms,G (2349)-Alekseev,E (2632) Tallinn 2016}) 12. Re1 Rfe8 $146 (12... f5 13. exf5 Nxf5 14. b3 Rae8 15. Bb2 Bf7 16. Qc2 d5 17. Ncd2 g5 18. h3 Bg6 19. Rad1 {0-1 (43) Harari,Z (2250)-Webb,R (2290) Highgate 1997}) 13. Nfd2 Rad8 {Black is slightly better.} 14. Ne3 d5 15. exd5 Nxd5 (15... Bxd5 $6 16. Nxd5 Nxd5 17. Nc4 $14) 16. Ne4 Nce7 17. Nc4 f5 18. Ned2 {[%cal Rc4e5]} Nc6 {[%cal Be7c6,Bc6b4,Bb4d3][%mdl 32]} 19. Nf3 Bf7 20. Qc2 {[#]} Ndb4 $1 {[%mdl 512]} 21. cxb4 Nxb4 22. Qe2 Nxd3 23. Nfd2 (23. b3 $2 e4 24. Be3 Nxe1 25. Rxe1 exf3 $19) 23... Nxe1 24. Qxe1 e4 25. Bf1 Rd4 (25... g5 $17 26. Nb1 f4) 26. b3 {[#]} ({White should try} 26. Rb1 $15) 26... e3 $1 $17 {[%cal Re3d2][%mdl 512]} (26... Rxc4 27. Nxc4 Bxa1 28. Bf4 $14) 27. Nxe3 f4 28. gxf4 Rxf4 (28... g5 $142 $1 {[%cal Rg5f4]} 29. Qd1 (29. Bb2 $2 gxf4 30. Nf3 fxe3 31. Nxd4 cxd4 32. fxe3 Qb6 $19) 29... Qxf4) 29. Ra2 Rg4+ 30. Bg2 {[#]} Bd5 $1 {[%mdl 512] ...Bxg2 is the strong threat.} 31. Qd1 {[#]} (31. Nxd5 Rxe1+) 31... Rxe3 $1 {[%mdl 512]} 32. Qxg4 (32. fxe3 Rxg2+) 32... Re1+ {[%cal Be3e1,Be1c1,Bc1c4][%mdl 32]} 33. Nf1 Bxg2 ({Reject} 33... Bxb3 $6 34. Ra3 Bf7 35. Bd2 $16) 34. Qxg2 Rxc1 $40 {[%mdl 128] Black is up to no good.} 35. Qxg6 Qf7 36. Qxf7+ Kxf7 $15 {[%mdl 4096] Endgame KRB-KRN} 37. Rd2 Ke6 38. Kg2 c4 39. bxc4 Rxc4 40. Ra2 a5 41. Kf3 Be5 42. Ra3 Rf4+ 43. Ke2 Rb4 44. h3 Bd6 {Strongly threatening ...Rb2+.} 45. Nd2 Rh4 46. Rb3 {[#]} Bb4 $1 47. Nf3 Rf4 (47... Rc4 $17 48. Re3+ Kd6) 48. Ke3 (48. Re3+ $1 $11 {keeps the balance.} Kd5 49. Rd3+ Ke6 50. Re3+ Kd5 51. Rd3+ Kc5 52. Ke3) 48... Rc4 $17 49. Nd4+ {[#]} Kd5 $1 50. Nf5 (50. Ne2 $1 $15) 50... b6 51. Rd3+ (51. Kf3 $142 Ke6 52. Nxh6) 51... Ke5 52. Nxh6 Bc5+ 53. Kf3 (53. Kd2 $17 {keeps fighting.}) 53... Rf4+ $19 ({Don't do} 53... Rxa4 54. Ng4+ Ke6 55. h4 $17) 54. Kg3 $2 (54. Ke2 {might work better.}) 54... Bxf2+ ({Not} 54... Rxa4 55. Nf7+ Ke4 56. Rd1 $17) 55. Kg2 {aiming for Ng4+.} Bc5 56. Ng4+ Ke6 57. Rd8 Rxa4 58. Re8+ Kf5 59. Ne3+ $2 (59. Re5+ Kf4 60. Re2) 59... Bxe3 60. Rxe3 Rb4 61. Kf2 a4 62. Ke2 Re4 0-1

[Event "KAZ-ch Men 2017"]
[Site "Almaty"]
[Date "2017.04.11"]
[Round "1"]
[White "Nugumanov, Bakhtiyar"]
[Black "Kostenko, Petr"]
[Result "1/2-1/2"]
[WhiteElo "2350"]
[BlackElo "2440"]
[Annotator "TA"]
[PlyCount "265"]
[EventDate "2017.??.??"]
[EventType "tourn"]
[EventCountry "KAZ"]
[SourceTitle "playchess.com"]
[Source "ChessBase"]
[SourceQuality "1"]

{[%evp 20,265,22,0,29,20,59,51,69,58,70,75,66,75,90,69,68,29,38,36,31,72,61,8,25,0,0,0,0,0,0,0,162,121,122,112,111,104,224,215,195,87,79,81,91,89,99,100,134,91,123,97,101,102,116,91,213,201,191,5,58,43,127,118,111,114,133,122,139,111,125,100,100,108,156,77,70,89,115,17,18,0,0,0,0,0,20,0,24,-6,0,-7,31,0,0,0,-8,-77,-77,-77,-54,-77,-36,-38,-12,-13,-13,-55,-55,-55,-56,-56,-55,-56,-56,-60,-60,-60,-58,-77,-77,-77,-77,-77,-77,-77,0,-77,-70,-66,-55,-64,-64,-64,-64,-64,-64,-64,-64,-85,-59,-65,-54,-54,-40,-70,-69,-72,-72,-72,-72,-72,-72,-72,-72,-72,0,-72,-72,-471,-72,-72,-72,-490,-72,-29966,-702,-449,-72,-72,-72,-76,-70,-72,-72,-72,-70,-70,-70,-65,-58,-58,-58,-58,-58,-58,-57,-58,-58,-58,-58,-58,-58,-58,-58,-58,-58,-58,-58,-58,-58,-70,-57,-57,-54,-50,-47,-44,0,0,0,0,0,0,0,0,0,0,0,0,0,0,0,0,0,0,0,-8,-8,-8,-8,-8,-8,-8,-8,-8,-8,-8,0,0,0,0,0,0,0,0,0,0]} 1. e4 e6 2. d4 d5 3. e5 c5 4. c3 Nc6 5. Nf3 Qb6 6. a3 Nh6 7. b4 cxd4 8. Bxh6 gxh6 9. cxd4 Bd7 10. Ra2 {C02: French: Advance Variation} Rg8 11. h3 {LiveBook: 16 Games} Rc8 12. Rc2 {White has an edge.} Be7 13. g3 Kf8 $146 (13... a6 14. Be2 f6 15. Qd3 Rg7 16. Nbd2 fxe5 17. dxe5 Kf8 {0-1 (30) Sveshnikov,E (2504)-Vitiugov,N (2721) Tallinn 2016}) 14. Be2 Kg7 15. O-O f6 16. Nc3 {[%cal Bb1c3,Bc3e2,Be2f4][%mdl 32]} Qd8 17. Bd3 Kh8 18. Kh2 Qf8 19. Ne2 Qg7 {[%cal Rf6e5]} 20. Nf4 fxe5 21. dxe5 (21. Nh5 $14 Qf7 22. Rxc6 $1 {[%mdl 512]} Bxc6 23. Nxe5) 21... Rcf8 $11 22. Qc1 Nxe5 23. Nxe5 Qxe5 24. Rc7 Qd6 $1 25. Rxb7 Bd8 $2 (25... e5 $11 26. Qc7 exf4 27. Qxd6 Bxd6 28. Rxd7 fxg3+ 29. fxg3 Bxg3+ 30. Kh1 Rxf1+ 31. Bxf1 Bf2) 26. Qc5 ({Don't do} 26. Rxa7 Bb6 27. Rb7 e5 28. Ng6+ Rxg6 29. Bxg6 Qxg6 30. Rxd7 Bxf2) 26... Qxc5 27. bxc5 Rg7 28. Rxa7 e5 (28... Bc8 $16 {was worth a try.} 29. Ra8 Be7) 29. Nxd5 $18 Bb5 30. Bxb5 (30. Rxg7 $18 Bxd3 31. Rd1 Kxg7 32. Rxd3 Rxf2+ 33. Kg1) 30... Rxa7 $16 31. a4 Ba5 32. Kg2 Kg7 33. Rc1 Rd8 34. Ne3 Bc7 35. Rc2 Bb8 36. Nc4 Rf7 37. Na5 Rd1 (37... Ba7 $16 {was necessary.}) 38. Nc6 $18 Bc7 39. Re2 $2 (39. a5 $18) 39... Kf6 (39... Rc1 $1 $11) 40. Nb4 Rd4 (40... Ba5 $14 41. Nc6 Bc3) 41. Nc2 $16 Rd8 42. Ne3 h5 43. h4 Bb8 44. Nc4 Rd1 45. Nd2 Rf8 46. Ne4+ Kf5 47. f3 (47. Bc6 $142) 47... Rfd8 48. Rc2 Ra1 49. c6 (49. Nc3 $16) 49... Rdd1 $1 $11 50. Kh3 (50. c7 Bxc7 51. Rxc7 Ra2+ 52. Nf2 Rdd2 $16) 50... Rh1+ 51. Rh2 h6 52. Rxh1 Rxh1+ {[%mdl 4096] Endgame KRB-KBN} 53. Kg2 Rc1 54. Kf2 Ke6 55. Ke2 Kd5 56. Kd2 Ra1 57. Ke2 Kd4 58. c7 (58. Nf6 $1 $11) 58... Bxc7 $17 59. Be8 Bb6 60. Kf2 Kd3+ 61. Kg2 Ra2+ 62. Kh3 Ke3 63. Nc3 Ra1 64. Nd5+ Kf2 {[%cal Ra1h1]} 65. Bxh5 Bd4 66. Nf6 Rxa4 67. Ng4+ Kxf3 68. Nxe5+ $1 Ke4 69. Ng4 Ra6 70. Be8 Bg7 71. Nf2+ Kf3 72. Ng4 Ke4 73. Nf2+ $1 Ke5 74. Nd3+ Kf6 75. Nf4 Bf8 76. Bb5 Ra3 77. Kg4 Bd6 78. Nh5+ Ke5 79. Be8 Kd4 80. Nf4 Ke3 81. Kh5 Ra6 82. Ng6 Bxg3 83. Kxh6 Bxh4 84. Bd7 Bf6 85. Bf5 Ra5 86. Bc8 Bg5+ 87. Kh5 Bf6+ 88. Kh6 Ra2 (88... Ke4 $5 {with more complications.} 89. Bb7+ Kd4 90. Bf3 Bg5+ 91. Kg7 Ra7+) 89. Kh7 $2 {[%mdl 8192]} (89. Kh5 $17) 89... Ke4 $2 (89... Ra7+ $19 90. Kh6 Ra2) 90. Nf8 Rc2 91. Ba6 $2 {[%mdl 8192] [#]} (91. Bh3 $17 {is tougher.}) 91... Be5 $2 (91... Bb2 $1 $19 {and Black stays clearly on top.} 92. Bb5 Ke5) 92. Ng6 $2 {[%mdl 8192]} (92. Bb5 $17) 92... Bd4 (92... Rc7+ $142 93. Kh6 Bf6 94. Kh5 Rc5+ 95. Kh6 Bg5+ 96. Kg7 Rc7+ 97. Kf8 Kf5 98. Bd3+ Kf6 99. Ke8 Rc3 100. Bf1 Kxg6 101. Kd7 Rc1 102. Bh3 Bf4 103. Ke6 Rd1 104. Bg4 Rd6+ 105. Ke7 Kh7 106. Bh5 Kh8 107. Bg4 Kh7 108. Bh5 Bh2 109. Bg4 Kh8 110. Bh5 Kh7 111. Bg4 Kg6 112. Bh3 Rd4 113. Be6 Bc7 114. Bd7 Re4+ 115. Be6 Rd4 116. Bh3 Kg5 117. Bd7 Kf4 118. Be8 Ke5 119. Bb5 Bd8+ 120. Kf7 Bf6 121. Be8 Rh4 122. Kg6 Rg4+ 123. Kf7 Rg7+ 124. Kf8 Re7 125. Bf7 Bg5 126. Kg7 Kf5 127. Kf8 Kf6 128. Bh5 Bh6+ 129. Kg8 Re5 130. Bf7 Rg5+ 131. Kh7 Kxf7 132. Kh8 Bg7+ 133. Kh7 Rh5#) 93. Kh6 Ra2 $2 (93... Be3+ $19 {has better winning chances.} 94. Kg7 Rc7+ 95. Kf8 Bc5+ 96. Kg8 Kf5 97. Bd3+ Kf6) 94. Bc4 Ra5 95. Ne7 Rc5 (95... Be3+ $2 96. Kg6 $19) 96. Ba2 Bf6 (96... Be3+ $2 97. Kg6 $19) 97. Bb1+ Kf4 (97... Kf3 $2 98. Nf5 $19) 98. Ng6+ Kg4 {[%csl Gg4][%cal Rc5h5]} 99. Nf8 Rc6 100. Kg6 Bb2+ 101. Kf7 Rf6+ 102. Ke8 Ba3 103. Nd7 Rf1 (103... Re6+ $2 104. Kd8 $19) 104. Bd3 Re1+ 105. Kd8 Kf4 106. Kc8 Ke3 107. Bb5 Kd4 108. Bc6 Bd6 (108... Rc1 $2 109. Kb7 $19) 109. Kb7 Rb1+ 110. Kc8 Kc4 {White must now prevent ...Kd4.} 111. Kd8 Rg1 {And now ...Rg8+ would win.} 112. Kc8 Rg7 113. Kb7 Kb4 114. Kb6 {The position is equal.} Rg8 115. Bd5 Rh8 {aiming for ...Rh6.} 116. Kb7 Kb5 117. Bf3 Re8 118. Bh5 Re7 119. Bg4 Bh2 {Strongly threatening ...Re3.} 120. Bh3 Rh7 121. Bf5 Rf7 122. Be6 Rf2 (122... Re7 $2 123. Bf5 $19) 123. Bg4 Rc2 124. Bf5 Rc7+ 125. Ka8 Kc6 {( -> ...Rc8+)} 126. Nb8+ Kd6 127. Nd7 $1 Bf4 {Threatens to win with ...Be3.} 128. Nb6 Rf7 129. Bg6 Rg7 (129... Rc7 $2 130. Be4 $19) 130. Be4 Bg3 {Hoping for ...Kc7.} 131. Nd5 Rf7 {...Kc5 is the strong threat.} 132. Nc3 Ke5 133. Bg2 1/2-1/2

[Event "KAZ-ch Men 2017"]
[Site "Almaty"]
[Date "2017.04.12"]
[Round "2"]
[White "Jumabayev, Rinat"]
[Black "Ismagambetov, Anuar"]
[Result "1/2-1/2"]
[WhiteElo "2614"]
[BlackElo "2545"]
[Annotator "TA"]
[PlyCount "88"]
[EventDate "2017.??.??"]
[EventType "tourn"]
[EventCountry "KAZ"]
[SourceTitle "playchess.com"]
[Source "ChessBase"]
[SourceQuality "1"]

{[%evp 19,88,23,50,44,43,34,47,69,79,84,81,83,100,77,88,83,79,58,53,19,60,57,110,99,309,175,187,136,145,128,129,130,138,-235,0,-27,-46,-31,-36,-414,-180,-640,-322,-745,-310,-896,-874,-1223,-987,-1319,-750,-703,-244,-255,-256,-676,-668,-605,-616,-579,0,-150,26,30,11,20,27,0,0,0,0]} 1. Nf3 Nf6 2. c4 g6 3. g3 Bg7 4. Bg2 O-O 5. d4 d6 6. Nc3 Nbd7 7. O-O e5 8. e4 a6 9. h3 b5 10. dxe5 dxe5 11. Qc2 {E68: King's Indian: Fianchetto: 6...Nbd7 7 0-0 e5 8 e4} (11. Re1 c6 12. Qd6 Bb7 13. Be3 Re8 14. Rad1 Bf8 15. Qd3 Qc7 16. a3 Nb6 17. cxb5 cxb5 18. Nd2 Red8 {0-1 (39) Vahidov,T (2435)-Jobava,B (2669) Almaty 2016}) 11... bxc4 12. Be3 Qe7 13. Na4 {White is slightly better.} a5 $146 (13... Qb4 14. Nd2 Nb6 15. Nxb6 cxb6 16. Nxc4 Rb8 17. Rfd1 Bd7 18. Nxe5 Rfc8 {1-0 (31) Cernousek,L (2435)-Hausner,I (2392) Slovakia 2008}) 14. Nd2 Ba6 15. Nxc4 Bb5 16. Rfc1 Rfb8 17. b3 Bf8 18. Bd2 Qe6 19. Nxa5 Ba3 20. Rd1 Qa6 (20... Be2 $14) 21. Nb2 $16 (21. Qxc7 Bd6 22. Qc1 Rc8 $19) 21... Bc5 $2 (21... Nb6 $16 22. Rab1 Rd8) 22. Bc3 (22. a4 $142) 22... Qe6 $18 23. Nac4 ({Better is} 23. a4 $18 Ba6 24. Rab1) 23... h5 $16 24. a4 Ba6 25. Rab1 Ba7 26. Bf1 $2 {[%mdl 8192]} (26. Re1 $16) 26... h4 $2 (26... Nxe4 $1 $19 27. Nd3 (27. Qxe4 $2 Bb7 28. Qxb7 Rxb7 $19) 27... Qf5) 27. Kh2 hxg3+ 28. fxg3 Kg7 (28... Nc5 $6 29. Nd3 $16 (29. Bxe5 Rxb3 30. Bg2 Re8 $14) (29. Nxe5 Qxb3 30. Rbc1 Nfxe4 $15)) 29. Be1 $2 {[%mdl 8192]} (29. Kh1 $2 Bb7 30. Re1 Rh8 $19) (29. Rxd7 $1 $15 Nxd7 30. h4 (30. Nxe5 Nxe5 31. Bxa6 Qxa6 $17)) 29... Nc5 (29... Rh8 $2 30. h4 $17) (29... Bb7 $142 30. Bg2 Rh8) 30. Nd3 $2 (30. Bc3 Nfxe4 31. Bxe5+ f6 32. Bg2 Rxb3 33. Bxe4) 30... Ncxe4 31. Ndxe5 $2 (31. Ncxe5 Qb6 32. Qg2) 31... Rh8 (31... Bxc4 $142 32. Nxc4 Rh8) 32. h4 $2 (32. Bc3 Bb7 33. g4) 32... Bxc4 $19 33. Nxc4 Ng4+ 34. Kg2 Ngf2 35. Bxf2 {[#]} Nxf2 $2 (35... Bxf2 36. Nd2 (36. Bd3 Nxg3 37. Kxf2 Rxh4 38. Qb2+ f6 $11) 36... Nxd2 37. Qxd2 $16 (37. Rxd2 Bxg3 38. Qc3+ Be5 $17)) (35... Rxh4 $1 {[%mdl 512]} 36. Qb2+ (36. gxh4 Qg4+) 36... f6 37. gxh4 Qg4+ 38. Kh2 Bxf2 39. Rd7+ Kh6 40. Qxf2 Nxf2) 36. Qc3+ {[#]} Kg8 $1 {Hoping for ...Qh3+.} (36... f6 37. Kh2 $17) 37. Ne5 $2 (37. Rd4) 37... Qh3+ ({Not} 37... Nxd1 38. Rxd1 Qf6 39. Bc4 $11) 38. Kf3 Qf5+ (38... Nxd1 39. Rxd1 Qh1+ 40. Kg4 $15) 39. Kg2 Qe4+ $2 ({Less strong is} 39... Nxd1 40. Rxd1 Re8 41. Nf3 $15) ({Black should play} 39... Rh5 $19 40. Kh2 Nxd1 41. Rxd1 Qxe5 42. Qxe5 Rxe5) 40. Nf3 {[#]} ({Only move:} 40. Qf3 $11 Qxf3+ 41. Nxf3 Nxd1 42. Rxd1) 40... Ng4 $2 ({Reject} 40... Nxd1 41. Rxd1 Rh5 42. Re1 $11) (40... Qg4 $1 $17 {[%cal Rg4h3] ( -> ...Qh3+)} 41. Rd4 Bxd4 42. Qxd4 Ne4) 41. Re1 Ne3+ 42. Rxe3 $1 Qxe3 43. Qxe3 Bxe3 44. Rd1 Kg7 1/2-1/2

[Event "KAZ-ch Men 2017"]
[Site "Almaty"]
[Date "2017.04.12"]
[Round "2"]
[White "Saduakassova, Dinara"]
[Black "Kuderinov, Kirill"]
[Result "0-1"]
[WhiteElo "2449"]
[BlackElo "2482"]
[Annotator "TA"]
[PlyCount "142"]
[EventDate "2017.??.??"]
[EventType "tourn"]
[EventCountry "KAZ"]
[SourceTitle "playchess.com"]
[Source "ChessBase"]
[SourceQuality "1"]

{[%evp 27,142,0,0,-15,0,-5,-18,-48,-42,-80,-70,-189,-162,-189,-181,-144,-150,-143,-134,-185,-167,-162,-165,-222,-206,-233,-231,-243,-228,-220,-138,-147,-147,-147,-142,-143,-145,-149,-149,-149,-108,-108,-116,-300,-294,-263,-302,-300,-297,-306,-293,-315,-287,-322,-137,-137,-137,-220,-197,-178,-178,-218,-46,-376,-376,-376,-376,-376,-376,-376,-376,-376,-376,-376,-356,-376,-376,-376,-372,-357,-376,-376,-368,-362,-349,-346,-310,-185,-275,-177,0,-297,-185,-289,-190,-1341,-1217,-1558,-1416,-1810,-2104,-1980,-1972,-1670,-1558,-1029,-537,-12837,-12846,-5708,-5089,-5081,-5057,-4133,-2879,-29976,-29977]} 1. d4 Nf6 2. c4 e6 3. Nc3 Bb4 4. Qc2 O-O 5. Nf3 d6 6. e3 Qe7 7. a3 Bxc3+ 8. Qxc3 Nbd7 9. Be2 b6 10. b4 Bb7 11. Bb2 Ne4 12. Qc2 f5 13. O-O Rf6 {E32: Nimzo-Indian: Classical (4 Qc2): 4...0-0} (13... c5 14. Nd2 Qg5 15. f4 Qg6 16. Nf3 Ndf6 17. Rad1 Ng4 18. Qb3 Qh6 19. bxc5 Nxc5 20. dxc5 Bxf3 21. h3 Bxe2 22. hxg4 fxg4 23. e4 Bxf1 24. Rxf1 Rxf4 {0-1 (24) Karpov,A (2619)-Anand,V (2788) Moscow 2009}) 14. d5 Rh6 $1 {LiveBook: 3 Games} 15. Rad1 e5 {The position is equal.} 16. Bd3 Rf8 17. h3 Bc8 $146 (17... Ndf6 18. Nd2 Bc8 19. f4 Ng3 20. Rfe1 e4 21. Be2 Nxe2+ 22. Rxe2 {1-0 (68) Amartuvshin,G (2158)-Altanbayar,T (1952) Dadal 2017}) 18. Nh2 Qh4 19. Bxe4 (19. Rde1 $15) 19... fxe4 $19 20. f4 (20. Ng4 Rg6 21. Qxe4 Nf6 22. Nxf6+ Qxf6) 20... exf3 $1 (20... exf4 21. Ng4 (21. Qxe4 Nf6 22. Qxf4 Qh5 $16) 21... Rg6 22. Qxe4 $16 (22. Rxf4 Rxf4 23. exf4 Nf8 $11) (22. exf4 Nb8 $14)) (20... Qg3 21. fxe5 Nxe5 22. Rxf8+ (22. Qxe4 Bxh3 23. Rxf8+ Kxf8 24. Bxe5 dxe5 25. Qf3+ Qxf3 26. Nxf3 Bg4 $11) 22... Kxf8 23. Qxe4 $11) 21. Rxf3 Rxf3 22. Nxf3 Qg3 23. Qf2 (23. Bc3 $17 {is a better defense.}) 23... Rxh3 {[%cal Bh6h3,Bh3g3,Bg3g4][%mdl 32] ...Rh1+! is the strong threat.} 24. Qxg3 Rxg3 25. Kf2 (25. Rc1 {was called for.}) 25... Rg4 26. Nd2 Nf6 27. Rc1 Bf5 28. c5 Ne4+ 29. Nxe4 Bxe4 $17 {[%mdl 4096] Endgame KRB-KRB} 30. g3 h5 {Hoping for ...h4.} (30... Bxd5 $6 31. cxd6 cxd6 32. Rd1 $11) 31. cxd6 cxd6 {And now ...h4 would win.} 32. Rc8+ Kh7 {Threatens to win with ...h4.} 33. Bc3 Bxd5 34. Rd8 Rc4 $1 {[%cal Rc4c3] [#]} 35. Bxe5 $1 {[%mdl 512]} (35. Rxd6 $17 Rxc3 36. Rxd5) 35... Rc2+ $19 (35... dxe5 36. Rxd5 Rc2+ 37. Kf3 $17) 36. Ke1 dxe5 37. Rxd5 {KR-KR} Rg2 38. Rxe5 Kh6 $1 (38... Rxg3 39. Kf2 (39. Rxh5+ Kg6 40. Re5 Rg1+ 41. Kf2 Ra1 $17) 39... Rh3 40. Kg2 $17) 39. Re7 Rxg3 40. Kf2 Rg6 (40... h4 $19 {and Black stays clearly on top.} 41. Rxa7 Kh5) 41. Rxa7 $17 h4 42. Ra8 (42. Rf7 $17) 42... Rf6+ 43. Kg2 Kh5 44. Rd8 g5 $2 (44... b5 $19 45. Rd5+ Kg4) 45. Rd5 $2 {[%mdl 8192]} (45. a4 $1 $15) 45... Rc6 $19 46. a4 Rc4 47. Rd4 Rc2+ 48. Kf3 {[#]} Ra2 $1 49. b5 Rc2 (49... h3 50. Kg3 $17) 50. Rd5 Rc4 (50... Ra2 51. Rd4 $17) 51. Rd4 Rc5 52. Rd8 {[#]} Rf5+ $1 (52... g4+ 53. Kf4 $11) 53. Kg2 Rf7 54. Rd5 Rc7 55. Kf3 Rc2 56. Rd4 Ra2 57. Rc4 Rb2 (57... Ra1 $142 58. Rd4 Ra2) 58. Rd4 Rc2 (58... Rh2 $142 59. Rd5 Rb2) 59. Rd5 $1 Rc1 ({Weaker is} 59... Ra2 60. Rd4 $17) 60. Rd4 Rb1 61. Rd5 $2 (61. Re4) 61... Rf1+ 62. Kg2 Ra1 63. Rd4 g4 64. Rd5+ Kg6 65. Rd6+ Kf5 66. Rd5+ Kf6 67. Rh5 Ra2+ ({And not} 67... Rxa4 68. Rxh4 Kg5 69. Rh8 $11) 68. Kg1 h3 ({Not} 68... Rxa4 69. Rxh4 Kg5 70. Rh8 $17) 69. a5 Kg6 70. Rh8 Rxa5 71. Kf2 Ra2+ 0-1